00805cam a2200217 a 450000100100000000500170001000800410002704000350006808200200010310000480012324500700017126000490024130000180029058600250030865000360033365000370036991000340040604900090044095201230044999900150057200000489320200929151528.0850410s1984 pr 000 p spa  aDO-SdBNPdspacDLCdDLCdBNPHU aPR861.44bR173s1 aRamírez Córdova, Antonio,d1941-91415710aSi la violeta cayese de tus manos /cAntonio Ramírez Córdova. aRío Piedra, Puerto Rico :bMairena,c1984. a113 ;c22 cm. aPremio Mairena, 1983 4aPoesía puertorriqueña91015 4aLiteratura puertorriqueña9250 aCatalogación por copia / LC aBNGR 001052708MOaGRbGRcCTd2009-07-27iLF1l0oPR861.44 R173sp4893-10r2020-06-25w2020-06-25y2ZPréstamo interno c4699d4699